Estudio de Opinión Pública Unimer RI - La Nación enero - febrero de 1997: efectuada del 22 de enero al 5 de febrero /

Sparad:
Bibliografiska uppgifter
Huvudupphovsman: Mendiola T, Haydée
Institutionell upphovsman: Unimer Research International
Övriga upphovsmän: Paniagua, Carlos G.
Materialtyp: Text
Publicerad: San José: Unimer
Taggar: Lägg till en tagg
Inga taggar, Lägg till första taggen!

MARC

LEADER 00000 a a2200000 04500
001 27672
003
040
090 |a 185904  |b ENCUESTA  
100 |a Mendiola T, Haydée  
110 |a Unimer Research International  
245 |a Estudio de Opinión Pública Unimer RI - La Nación enero - febrero de 1997: efectuada del 22 de enero al 5 de febrero /  |c Haydée Mendiola T. 
260 |a San José:   |b Unimer  
300 |a 52 p. y s.p   |b **no definido**   |b fonodiscos  
700 |a Paniagua, Carlos G.  
999 |c 5647  |d 5647